000 00429nam a22001697a 4500
003 UA-OsUOA
001 6045
007 ta
008 20050721b un ||||| |||| 00| 0 ukr d
100 _aЮр'єва
700 _aО. В.
942 _cBK
040 _aUA-OsUOA
_cUA-OsUOA
_dUA-OsUOA
245 _aНаукова-технічна термінологія та її переклад.
_bSA Paper
955 _a2
650 7 _2UDC
999 _c292207
_d292207